<?xml version="1.0" encoding="UTF-8"?>
<record
    xmlns:xsi="http://www.w3.org/2001/XMLSchema-instance"
    xsi:schemaLocation="http://www.loc.gov/MARC21/slim http://www.loc.gov/standards/marcxml/schema/MARC21slim.xsd"
    xmlns="http://www.loc.gov/MARC21/slim">

  <leader>01622nam a22001937a 4500</leader>
  <controlfield tag="003">OSt</controlfield>
  <controlfield tag="005">20210629140858.0</controlfield>
  <controlfield tag="008">150121b        xxu||||| |||| 00| 0 eng d</controlfield>
  <datafield tag="020" ind1=" " ind2=" ">
    <subfield code="a">0130185256</subfield>
  </datafield>
  <datafield tag="040" ind1=" " ind2=" ">
    <subfield code="c">LC</subfield>
  </datafield>
  <datafield tag="050" ind1=" " ind2=" ">
    <subfield code="a">HF5415.13.K64</subfield>
  </datafield>
  <datafield tag="100" ind1=" " ind2=" ">
    <subfield code="a">Kotler, Philip</subfield>
  </datafield>
  <datafield tag="245" ind1=" " ind2=" ">
    <subfield code="a">A framework for marketing management. /</subfield>
    <subfield code="c">Philip Kotler</subfield>
  </datafield>
  <datafield tag="260" ind1=" " ind2=" ">
    <subfield code="a">Upper Saddle River:</subfield>
    <subfield code="b">Prentice Hall,</subfield>
    <subfield code="c">2001.</subfield>
  </datafield>
  <datafield tag="300" ind1=" " ind2=" ">
    <subfield code="a">xv, 352 p.:</subfield>
    <subfield code="b">ill.,</subfield>
  </datafield>
  <datafield tag="500" ind1=" " ind2=" ">
    <subfield code="a">Includes index</subfield>
  </datafield>
  <datafield tag="505" ind1=" " ind2=" ">
    <subfield code="a">Contents: Part 1 Understanding marketing management: Marketing in the twenty-first century -- Building customer satisfaction, value, and retention -- Winning markets: market-oriented strategic planning -- Part 2 Analyzing marketing opportunities: Understanding markets, market demand, and the marketing environment --  Analyzing consumer markets and buyer behavior -- Analyzing business markets and buyer behavior -- Dealing with the competition -- Identifying market segments and selecting target markets -- Developing marketing strategies: Positioning the market offering through the product life cycle -- Developing new products -- Designing global market offerings -- Part 3 Making marketing decisions: Developing, differentiating, and positioning products through the life cycle -- Managing product lines and brands -- Designing and managing services -- Designing pricing strategies and programs -- Part 4 Managing and delivering marketing programs: Selecting and managing marketing channels -- Managing retailing, wholesaling, and market logistics -- Managing the sales force -- Managing direct and on-line marketing -- </subfield>
  </datafield>
  <datafield tag="942" ind1=" " ind2=" ">
    <subfield code="2">lcc</subfield>
    <subfield code="c">BK</subfield>
  </datafield>
  <datafield tag="999" ind1=" " ind2=" ">
    <subfield code="c">7679</subfield>
    <subfield code="d">15179</subfield>
  </datafield>
  <datafield tag="952" ind1=" " ind2=" ">
    <subfield code="0">0</subfield>
    <subfield code="1">0</subfield>
    <subfield code="2">lcc</subfield>
    <subfield code="4">0</subfield>
    <subfield code="7">0</subfield>
    <subfield code="a">WIUC-KL</subfield>
    <subfield code="b">WIUC-KL</subfield>
    <subfield code="c">GEN</subfield>
    <subfield code="d">2019-10-30</subfield>
    <subfield code="e">STM</subfield>
    <subfield code="l">0</subfield>
    <subfield code="o">HF5415.13.K64</subfield>
    <subfield code="p">K/1003/1003/19</subfield>
    <subfield code="r">2021-06-29 00:00:00</subfield>
    <subfield code="t">1</subfield>
    <subfield code="w">2021-06-29</subfield>
    <subfield code="y">BK</subfield>
  </datafield>
  <datafield tag="952" ind1=" " ind2=" ">
    <subfield code="0">0</subfield>
    <subfield code="1">0</subfield>
    <subfield code="2">lcc</subfield>
    <subfield code="4">0</subfield>
    <subfield code="7">0</subfield>
    <subfield code="a">WIUC-KL</subfield>
    <subfield code="b">WIUC-KL</subfield>
    <subfield code="c">GEN</subfield>
    <subfield code="d">2019-10-30</subfield>
    <subfield code="e">STM</subfield>
    <subfield code="l">0</subfield>
    <subfield code="o">HF5415.13.K641</subfield>
    <subfield code="p">K/1004/1004/19</subfield>
    <subfield code="r">2021-06-29 00:00:00</subfield>
    <subfield code="t">2</subfield>
    <subfield code="w">2021-06-29</subfield>
    <subfield code="y">BK</subfield>
  </datafield>
</record>
